Khảo sát sự sinh trưởng và phát triển của hai dòng lan Cattleya C115-VL và C315-VL in vitro được xử lý bằng tia Gamma 60Co ở các liều chiếu xạ khác nhau : Luận văn tốt nghiệp Cao học. Chuyên ngành Công nghệ sinh học

Nghiên cứu nhằm xác định quy trình nhân và ra rễ của hai giống lan Cattleya in vitro, xác định LD50 của hai giống lan Cattleya C115-VL và C315-VL in vitro sau khi chiếu xạ và đánh giá hiệu quả của các liều chiếu xạ gamma 60Co lên sinh trưởng và phát triển...

全面介紹

Đã lưu trong:
書目詳細資料
主要作者: Nguyễn, Thị Cẩm Nương
格式: 圖書
語言:Undetermined
出版: Cần Thơ Trường Đại học Cần Thơ 2017
主題:
標簽: 添加標簽
沒有標簽, 成為第一個標記此記錄!
Thư viện lưu trữ: Trung tâm Học liệu Trường Đại học Cần Thơ
LEADER 01350nam a2200205Ia 4500
001 CTU_225370
008 210402s9999 xx 000 0 und d
082 |a 635.9344 
082 |b N561 
100 |a Nguyễn, Thị Cẩm Nương 
245 0 |a Khảo sát sự sinh trưởng và phát triển của hai dòng lan Cattleya C115-VL và C315-VL in vitro được xử lý bằng tia Gamma 60Co ở các liều chiếu xạ khác nhau : 
245 0 |b Luận văn tốt nghiệp Cao học. Chuyên ngành Công nghệ sinh học 
245 0 |c Nguyễn Thị Cẩm Nương ; Nguyễn Bảo Toàn (Cán bộ hướng dẫn) 
260 |a Cần Thơ 
260 |b Trường Đại học Cần Thơ 
260 |c 2017 
520 |a Nghiên cứu nhằm xác định quy trình nhân và ra rễ của hai giống lan Cattleya in vitro, xác định LD50 của hai giống lan Cattleya C115-VL và C315-VL in vitro sau khi chiếu xạ và đánh giá hiệu quả của các liều chiếu xạ gamma 60Co lên sinh trưởng và phát triển của cụm chồi hạt giống hoa lan Cattleya in vitro. 
650 |a Hoa phong lan,Orchids 
650 |x Trồng trọt,Breeding 
980 |a Trung tâm Học liệu Trường Đại học Cần Thơ